Avtomatizirovannyje sistemy upravlenija

Salvato in:
Dettagli Bibliografici
Natura: Libro
Lingua:russo
Pubblicazione: Moskva : Ekonomika, 1985
Edizione:1.vyd.
Tags: Aggiungi Tag
Nessun Tag, puoi essere il primo ad aggiungerne!!

MARC

LEADER 00000nam a22000003a 4500
001 stu8261
005 20141122095017.3
008 951120s1985----xxr-----------------rus-d
040 |a STU  |b slo 
041 0 |a rus 
044 |a xxr 
080 |a 658.5.011.56 
245 |a Avtomatizirovannyje sistemy upravlenija 
250 |a 1.vyd. 
260 |a Moskva :  |b Ekonomika,  |c 1985 
300 |a 246 s 
996 |b E62046  |c E*62046  |l EE03  |s P  |a 0  |w stu8261_0001